000 00585nam a22001817a 4500
005 20240206062426.0
008 231115b |||||||| |||| 00| 0 eng d
020 _a9781920538057
041 _aEnglish
082 _a344.4 ENV
100 _lEnglish
245 _aThe balancing of interests in environmental law in Africa /
_cedited by M Faure and W Du Plesis
250 _aFirst Edition
260 _aPretoria :
_bPretoria University Law Press,
_c2011
300 _bxxix, 661 pages ;
_c26 cm.
650 _aLegal practice
_bLaw
942 _cBK
_6ALISON_BN_VRIES
999 _c651
_d651